00983cam a2200277 a 4500999001500000001000600015003000900021005001700030008004100047020001800088040003800106082001900144100001500163245007600178250002400254260006900278300002800347490004500375504005100420650003800471650002700509700002100536700001900557942001200576952011700588 c3993d399315437BD-DhUAP20200316114518.0200301s1998 bg abf b f000 0 eng  a9780521729703 aBD-DhUAPcBD-DhUAPdBD-DhUAPbEng a882.01 SOP223 aSophocles. aAntigone /cSophocles ; translated by David Franklin and John Harrison. a1st south Asian ed. aNew York :bCambridge university press,cc2003 [Reprinted 2008]. aix, 118 pages ;c20 cm. aCambridge translations from Greek drama. aIncludes bibliographical references and index. aAntigone vMythological character aGreek drama vTragedy. aFranklin, David  aHarrison, John 2ddccBK 00102ddc4070aUAPCLbUAPCLcGeneral Stacksd2020-03-16o882.01 SOPp3010015437r2020-03-16t1w2020-03-16yBK